Lesons D’onthographe appliquee
保存先:
| フォーマット: | 図書 |
|---|---|
| 出版事項: |
1979
|
| タグ: |
タグ追加
タグなし, このレコードへの初めてのタグを付けませんか!
|
| Thư viện lưu trữ: | Mạng thư viện Đại học Đà Nẵng |
|---|
| LEADER | 00429nam a22001811a 4500 | ||
|---|---|---|---|
| 001 | 000036482 | ||
| 003 | 12777 | ||
| 005 | 20160408151549.0 | ||
| 008 | 160408s1979 000 | ||
| 082 | |a 4P(07) 232-33 | ||
| 245 | |a Lesons D’onthographe appliquee | ||
| 260 | |c 1979 | ||
| OWN | |a LNN | ||
| 999 | |a From the UDN01 | ||
| TYP | |a Monograph | ||
| 980 | |a Mạng thư viện Đại học Đà Nẵng | ||